[Event "Maastricht Limburg op-B 7th"]
[Site "Maastricht"]
[Date "2013.05.19"]
[Round "4"]
[White "Verbruggen, Samuel"]
[Black "Billot, Daniel"]
[Result "1-0"]
[WhiteElo "1923"]
[BlackElo "1708"]
[PlyCount "39"]
[EventDate "2013.05.17"]
[EventType "swiss"]
[EventRounds "7"]
[EventCountry "NED"]
[SourceTitle "EXT 2014"]
[Source "ChessBase"]
[SourceDate "2013.11.20"]
[SourceVersion "1"]
[SourceVersionDate "2013.11.20"]
[SourceQuality "1"]

1. e4 d5 2. exd5 Qxd5 3. Nc3 Qd6 4. d4 Nf6 5. Nf3 Nc6 6. Nb5 Qd8 7. c4 a6 8. Nc3 Bf5 9. d5 Na7 10. Nd4 Bg6 11. Be3 Qd6 12. Qb3 0-0-0 13. c5 Qe5 14. c6 b5 15. Nf3 Qd6 16. Bxa7 Nxd5 17. Bxb5 Qe6+ 18. Ne2 Rd6 19. Bxa6+ Kd8 20. Qb8+ 1-0

[Event "Van Leeuwen Memorial 2nd"]
[Site "Ghent"]
[Date "2013.05.14"]
[Round "8"]
[White "Verbruggen, Samuel"]
[Black "Van de Velde, Koen"]
[Result "1-0"]
[WhiteElo "1923"]
[BlackElo "2119"]
[PlyCount "43"]
[EventDate "2013.03.26"]
[EventType "swiss"]
[EventRounds "9"]
[EventCountry "BEL"]
[SourceTitle "EXT 2014"]
[Source "ChessBase"]
[SourceDate "2013.11.20"]
[SourceVersion "1"]
[SourceVersionDate "2013.11.20"]
[SourceQuality "1"]

1. e4 e5 2. Nf3 Nc6 3. Bb5 a6 4. Ba4 d6 5. c3 Nf6 6. d3 Be7 7. Nbd2 b5 8. Bb3 Bg4 9. Nf1 0-0 10. Ne3 Bh5 11. Nf5 Na5 12. Bc2 c5 13. Be3 Nc6 14. h3 Qd7 15. 0-0 a5 16. Qe2 Rab8 17. Rad1 b4 18. Ba4 Bd8 19. g4 Bg6 20. Qc2 Bb6 21. Bxc6 Qxc6 22. Ne7+ 1-0

[Event "Van Leeuwen Memorial 2nd"]
[Site "Ghent"]
[Date "2013.05.07"]
[Round "7"]
[White "Carlier, Sven"]
[Black "Verbruggen, Samuel"]
[Result "1-0"]
[WhiteElo "1873"]
[BlackElo "1923"]
[PlyCount "112"]
[EventDate "2013.03.26"]
[EventType "swiss"]
[EventRounds "9"]
[EventCountry "BEL"]
[SourceTitle "EXT 2014"]
[Source "ChessBase"]
[SourceDate "2013.11.20"]
[SourceVersion "1"]
[SourceVersionDate "2013.11.20"]
[SourceQuality "1"]

1. e4 c5 2. Nf3 Nc6 3. d4 cxd4 4. Nxd4 Nf6 5. Nc3 e5 6. Ndb5 d6 7. Bg5 a6 8. Na3 b5 9. Nd5 Be7 10. Bxf6 Bxf6 11. c3 Bg5 12. Nc2 0-0 13. h4 Bh6 14. g4 Bf4 15. Qf3 Be6 16. Nce3 Bxe3 17. Nxe3 b4 18. Bc4 bxc3 19. bxc3 Bxc4 20. Nxc4 d5 21. exd5 e4 22. Qg3 Na5 23. Ne3 Rc8 24. Rc1 Nc4 25. Nxc4 Rxc4 26. d6 Qd7 27. 0-0 f5 28. gxf5 Rxf5 29. Qg4 h5 30. Qg6 Qf7 31. Qxf7+ Rxf7 32. Rfd1 Rd7 33. Rd5 g6 34. Kf1 Kf7 35. Ke2 Ke6 36. Rg5 Kf6 37. Rcg1 Rg7 38. d7 Rxd7 39. Rxg6+ Ke7 40. Rg7+ Kd8 41. Rxd7+ Kxd7 42. Rg5 Rxc3 43. Rxh5 Rc2+ 44. Ke3 Rxa2 45. Rh8 Ke7 46. h5 Kf7 47. h6 Kg6 48. Re8 Ra4 49. Re6+ Kh7 50. Kf4 Ra2 51. Ke3 Ra4 52. Rb6 Ra2 53. Re6 Ra4 54. Rf6 a5 55. Kf4 Rb4 56. Kg5 Rb5+ 1-0

[Event "Brasschaat op 08th"]
[Site "Brasschaat"]
[Date "2008.08.17"]
[Round "2"]
[White "Verbruggen, Samuel"]
[Black "Penson, Thierry"]
[Result "0-1"]
[WhiteElo "1907"]
[BlackElo "2282"]
[PlyCount "80"]
[EventDate "2008.08.16"]
[EventType "swiss"]
[EventRounds "9"]
[EventCountry "BEL"]
[SourceTitle "EXT 2017"]
[Source "ChessBase"]
[SourceDate "2016.10.25"]
[SourceVersion "1"]
[SourceVersionDate "2016.10.25"]
[SourceQuality "1"]

1. e4 c5 2. Nf3 Nc6 3. d4 cxd4 4. Nxd4 Nf6 5. Nc3 d6 6. Bg5 Bd7 7. Be2 Qa5 8. Bxf6 gxf6 9. 0-0 Rg8 10. Nd5 Bh3 11. Bf3 Rc8 12. Kh1 Bd7 13. Be2 Nxd4 14. Qxd4 Rxc2 15. b4 Qa3 16. Bd1 Qb2 17. Qxa7 Qxa1 18. Qa8+ Rc8 19. Qxc8+ Bxc8 20. Ba4+ Kd8 21. Rxa1 f5 22. e5 dxe5 23. Rd1 Rg6 24. Nb6+ Kc7 25. Nxc8 Kxc8 26. Bd7+ Kc7 27. Bxf5 Rf6 28. Bxh7 Rxf2 29. Bb1 Bh6 30. Re1 Bd2 31. Rd1 f5 32. h4 e4 33. h5 e3 34. Bd3 e2 35. Bxe2 Rxe2 36. Kh2 Bxb4 37. Rc1+ Kd7 38. h6 Re6 39. h7 Rh6+ 40. Kg3 Bd6+ 0-1

[Event "Brasschaat op 04th"]
[Site "Brasschaat"]
[Date "2004.08.28"]
[Round "8"]
[White "Kooyman, Marcel"]
[Black "Verbruggen, Samuel"]
[Result "0-1"]
[WhiteElo "1768"]
[BlackElo "1909"]
[PlyCount "52"]
[EventDate "2004.08.21"]
[EventType "swiss"]
[EventRounds "9"]
[EventCountry "BEL"]
[SourceTitle "EXT 2017"]
[Source "ChessBase"]
[SourceDate "2016.10.25"]
[SourceVersion "1"]
[SourceVersionDate "2016.10.25"]
[SourceQuality "1"]

1. e4 c5 2. Nf3 d6 3. Bb5+ Bd7 4. Bxd7+ Qxd7 5. 0-0 Nc6 6. c3 Nf6 7. Re1 e6 8. d4 cxd4 9. cxd4 Be7 10. Nc3 0-0 11. Bg5 Rac8 12. Rc1 a6 13. d5 Ne5 14. Nxe5 dxe5 15. Bxf6 Bxf6 16. dxe6 Qxe6 17. Re2 Rfd8 18. Nd5 Bg5 19. Rxc8 Qxc8 20. Rc2 Qe6 21. Qe2 f5 22. f3 fxe4 23. fxe4 Rf8 24. Qh5 Qb6+ 25. Nxb6 Be3+ 26. Rf2 Rxf2 0-1

[Event "Geraardsbergen op"]
[Site "Geraardsbergen"]
[Date "2003.08.15"]
[Round "4"]
[White "Burg, Twan"]
[Black "Verbruggen, Samuel"]
[Result "1-0"]
[WhiteElo "1941"]
[BlackElo "1808"]
[PlyCount "55"]
[EventDate "2003.08.??"]
[EventType "swiss"]
[EventRounds "7"]
[EventCountry "BEL"]
[SourceTitle "EXT 2005"]
[Source "ChessBase"]
[SourceDate "2004.11.15"]
[SourceVersion "1"]
[SourceVersionDate "2004.11.15"]
[SourceQuality "1"]

1. e4 c5 2. Nf3 d6 3. d4 cxd4 4. Nxd4 Nf6 5. Nc3 a6 6. Bg5 e6 7. f4 b5 8. Qf3 Bb7 9. Bd3 Nbd7 10. 0-0-0 Be7 11. Rhe1 Rc8 12. Nd5 exd5 13. Nf5 0-0 14. e5 dxe5 15. fxe5 Re8 16. exf6 Bf8 17. Nh6+ gxh6 18. Qf5 Re4 19. Bxe4 dxe4 20. Rxd7 Qa5 21. Bh4 Qxa2 22. Rxb7 Qa1+ 23. Kd2 e3+ 24. Kd3 Rd8+ 25. Rd7 Qa5 26. Qg4+ Kh8 27. Rxd8 Qd2+ 28. Ke4 1-0

[Event "Ghent VSF-chB"]
[Site "Ghent"]
[Date "2003.06.01"]
[Round "4"]
[White "Verbruggen, Samuel"]
[Black "Van de Velde, Koen"]
[Result "0-1"]
[WhiteElo "1803"]
[BlackElo "2195"]
[PlyCount "60"]
[EventDate "2003.05.29"]
[EventType "swiss"]
[EventRounds "7"]
[EventCountry "BEL"]
[SourceTitle "EXT 2005"]
[Source "ChessBase"]
[SourceDate "2004.11.15"]
[SourceVersion "1"]
[SourceVersionDate "2004.11.15"]
[SourceQuality "1"]

1. e4 e5 2. Nf3 Nc6 3. Bb5 a6 4. Ba4 Nf6 5. 0-0 Be7 6. Re1 b5 7. Bb3 d6 8. c3 0-0 9. h3 Nd7 10. d4 Bf6 11. Be3 Na5 12. Bc2 Nc4 13. Bc1 Ncb6 14. b3 c5 15. Bb2 Bb7 16. Nbd2 Re8 17. Nf1 g6 18. Ng3 Bg7 19. Qd2 Qc7 20. Rac1 Rad8 21. Bb1 d5 22. dxe5 Nxe5 23. Qf4 dxe4 24. Nxe4 Nxf3+ 25. Qxf3 f5 26. Qg3 Qc6 27. Ng5 Be5 28. Qf3 Bf4 29. Qxc6 Bxc6 30. Ne6 Bxc1 0-1